000 00338nam a22001457a 4500
008 230428b ||||| |||| 00| 0 eng d
020 _a9781576072387
041 _aeng
080 _2VOLUME 1
_a030
082 _a030LAN
100 _a40
101 _aENCIKLO
245 _aRELIGION AND AMERICAN CULTURE
_cLADERMAN .G
942 _2udc
_cBK
999 _c59636
_d59636